| 000 | 00927cac a22002411u 4500 | ||
|---|---|---|---|
| 090 | _c4705 | ||
| 008 | 081108t1992 xxu||||| |||| 00| 0 eng d | ||
| 010 | _a 91039492 | ||
| 020 | _a0534925685 (acid-free paper) | ||
| 022 | _a0534983561 | ||
| 082 | 0 | 0 |
_a004.165 _bC6265 |
| 100 | _aClements, Alan, | ||
| 245 | 1 | 0 |
_aMicroprocessor systems design : _b68000 hardware, software, and interfacing / _cAlan Clements. |
| 250 |
_a2nd ed. _bInternational ed. |
||
| 260 |
_aBoston : _bPWS-Kent Pub. Co., _cc1992. |
||
| 300 |
_axiv, 895 p. : _bill. ; _c25 cm. |
||
| 500 | _aInternational Edition. | ||
| 504 | _aIncludes bibliographical references (p. 881-884) and index. | ||
| 650 | 0 | _aMotorola 68000 (Microprocessor) | |
| 650 | 0 | _aSystem design. | |
| 942 |
_cBB _k004.165C6265 _2ddc |
||
| 999 |
_c4705 _d4705 |
||